Penang : island of contracts
| Main Author: | |
|---|---|
| Format: | Book |
| Published: |
Kuala Lumpur :
S.A. Majeed ,
19__
|
| Subjects: |
MARC
| LEADER | 00000cam a2200000 7i4500 | ||
|---|---|---|---|
| 001 | 0000000214 | ||
| 002 | 000000280 | ||
| 005 | 20000330.0 | ||
| 020 | |a 9839550993 | ||
| 090 | 0 | 0 | |a 915.95104 |b ALL |
| 100 | 1 | |a Allen, Dennis M | |
| 245 | 1 | 0 | |a Penang : |b island of contracts |c Dennis M Allen |
| 260 | |a Kuala Lumpur : |b S.A. Majeed , |c 19__ | ||
| 300 | |a 79p. ; |c 28cm. | ||
| 651 | 0 | |a Penang |x Description and travel | |
| 651 | 0 | |a Penang |x Guidebooks | |
| 999 | |a 027732 |b BUKU |c MALAYSIANA |e PERPUSTAKAAN KOMUNITI PETALING JAYA | ||